01662cam a22003611a 4500999001500000003000900015005001700024006001900041008004100060020001500101020001800116040004300134082002200177100004500199245010800244250001900352264006800371264001100439300004600450336002600496337002800522338002700550500002000577500002300597520029900620590001800919650007400937650007701011653002601088655001701114942002401131952014501155 c1086d1086EG-ScBUE20200106113235.0a|||||r|||| 00| 0 190729t2006 njua f 001 0 eng d a0131198165 a9780131198166 aEG-ScBUEbengerdacEG-ScBUEdEG-ScBUE04a808.0666bPFE2221 aPfeiffer, William S, eauthor.93686410aTechnical communicationba practical approach /cWilliam Sanborn Pfeiffer, Ramapo College of New Jersy. aSixth edition. 1aUpper Saddle River, New Jersy :bPearson/Prentice Hall,c[2006] 4cc 2006 axxiv, 689 pages :billustrations ;c28 cm 2rdacontentatextbtxt 2rdamediaaunmediatedbn 2rdacarrieravolumebnc aIncludes index. aIncludes appendix. a"The sixth edition of Technical Communication: A Practical Approach stresses one simple principle: You learn to write best by doing as much writing as possible as early as possible. This text offers a wealth of features to help you craft effective correspondence, documents, and presentations." aAsmaa mohamed 7aEnglish languagexTechnical EnglishvProblems, exercises, etc.2BUEsh 7aCommunication of technical informationvProblems, exercises, etc.2BUEsh bHHUUEENNcJanuary2020 vReading book cBBk808.66P5262ddc 00102ddc40708AlahramaMAINbMAINc2NDd2006-08-20ePurchasel1o808.0666 PFEp000003410r2025-07-15 00:00:00s2008-08-26w2006-08-20yBB